01091cam a2200301 a 450000100090000000300050000900500170001400800410003101000170007202000150008903500230010404000220012704200140014905000220016308200160018510000250020124500370022626000400026330000210030344000750032465000480039985600750044785600870052290600450060994200120065499900190066695201040068513275590NUST20240402133821.0030715s2003 mau 000 0 eng d a 2003272150 a0072536322 a(OCoLC)ocm51250773 aSITPLcSITPLdDLC alccopycat00aHG4026b.D46 200300a658.15bDEM1 aDeMello, Jim.92066610aCases in finance /cJim DeMello. aBoston :bMcGraw-Hill/Irwin,c2003. a150 p. ;c23 cm. 0aMcGraw-Hill/Irwin series in finance, insurance, and real estate920667 0aCorporationsxFinancevCase studies.920668413Table of contentsuhttp://www.loc.gov/catdir/toc/mh041/2003272150.html423Publisher descriptionuhttp://www.loc.gov/catdir/description/mh041/2003272150.html a7bcbcccopycatd2encipf20gy-gencatlg 2ddccBK c346892d346892 00102ddc4070aCLbCLd2013-08-28l4o658.15 DEMpNBS4866r2024-04-26s2024-04-26w2013-08-28yBK